<?xml version="1.0" encoding="UTF-8"?>
<collection xmlns="http://www.loc.gov/MARC21/slim">
 <record>
  <leader>00640pamaa2200217   4500</leader>
  <controlfield tag="001">0000050901</controlfield>
  <controlfield tag="005">20121213090000.0</controlfield>
  <controlfield tag="008">121213</controlfield>
  <datafield tag="020" ind1="0" ind2="0">
   <subfield code="a">9781405444262 </subfield>
  </datafield>
  <datafield tag="090" ind1="0" ind2="0">
   <subfield code="a">BF575.S75 </subfield>
   <subfield code="b">HEM 2003</subfield>
  </datafield>
  <datafield tag="100" ind1="1" ind2="0">
   <subfield code="a">Hemsley </subfield>
  </datafield>
  <datafield tag="245" ind1="1" ind2="0">
   <subfield code="a">Ten Minute Relaxation for Mind &amp; Body  </subfield>
   <subfield code="c">Mike Hemsley, Jennie Harding.</subfield>
  </datafield>
  <datafield tag="260" ind1="0" ind2="0">
   <subfield code="a">United Kingdom: </subfield>
   <subfield code="b">Parragon Publishing, </subfield>
   <subfield code="c">2003.</subfield>
  </datafield>
  <datafield tag="300" ind1=" " ind2=" ">
   <subfield code="a">124p: </subfield>
   <subfield code="b">ill.; </subfield>
   <subfield code="c">28 cm.</subfield>
  </datafield>
  <datafield tag="501" ind1="0" ind2="0">
   <subfield code="a">Library</subfield>
  </datafield>
  <datafield tag="504" ind1="0" ind2="0">
   <subfield code="a">Includes bibliographical references and index</subfield>
  </datafield>
  <datafield tag="650" ind1="0" ind2="0">
   <subfield code="a">Relaxation </subfield>
  </datafield>
  <datafield tag="650" ind1="0" ind2="0">
   <subfield code="a">Stress management </subfield>
  </datafield>
  <datafield tag="650" ind1="0" ind2="0">
   <subfield code="a">Stress (Psychology) </subfield>
  </datafield>
  <datafield tag="700" ind1="1" ind2="1">
   <subfield code="a">Harding, </subfield>
   <subfield code="h">Jennie </subfield>
  </datafield>
  <datafield tag="901" ind1=" " ind2=" ">
   <subfield code="u">http://www.parragon.com</subfield>
  </datafield>
 </record>
</collection>
